پرد یسی کے خطوط / (Record no. 172207)

MARC details
000 -LEADER
fixed length control field 00590nam a22001937a 4500
005 - DATE AND TIME OF LATEST TRANSACTION
control field 20200129115246.0
010 ## - LCCN (DPL NO)
LC control number 184121
020 ## - INTERNATIONAL STANDARD BOOK NUMBER
Terms of availability 2.75
035 ## - SYSTEM CONTROL NUMBER
System control number 184121
037 ## - SOURCE OF ACQUISITION
Source of stock number/acquisition BPPD/Pub.
082 ## - DEWEY DECIMAL CLASSIFICATION NUMBER
Classification number 846
100 ## - MAIN ENTRY--PERSONAL NAME
Personal name مجنون گور کھپوری
245 ## - TITLE STATEMENT
Title پرد یسی کے خطوط /
Statement of responsibility, etc مجنون گور کھپوری
246 ## - VARYING FORM OF TITLE
Title proper/short title Pardesi ke Khatoot (Urdu) /
Remainder of title by Majnoon Gaur Khapoori
260 ## - PUBLICATION, DISTRIBUTION, ETC. (IMPRINT)
Place of publication, distribution, etc New Delhi
Name of publisher, distributor, etc Maktaba Jamia
Date of publication, distribution, etc 1961 ء
270 ## - ADDRESS
Address Maktaba Jamia, Jamia Nagar
City New Delhi
300 ## - PHYSICAL DESCRIPTION
Extent 216p.
Dimensions 18cm(Hb)
942 ## - ADDED ENTRY ELEMENTS (KOHA)
Source of classification or shelving scheme Dewey Decimal Classification
Item type Urdu Bks
Classification part 846
Call number suffix م ج ن
Holdings
Withdrawn status Lost status Not for loan Collection code Home library Current library Date acquired Source of acquisition Cost, normal purchase price Full call number Barcode Copy number Cost, replacement price Koha item type
      Non-fiction Central Library Central Library 29/01/2020 BPPD/Ven. 2.75 846 م ج ن 184121 1 2.75 Urdu Bks

© Delhi Public Library
Hit Counter
free hit counter